00546nam a2200109Ia 4500008004100000020001800041050002400059245013300083260004900216300001100265650016000276120626s9999 xx 000 0 und d a968-5524-61-7 aHQ799 M42 J829 2006 aJóvenes mexicanos: Encuesta Nacional de Juventud 2005. Jalisco. Guadalajara. Membresía, legitimidad, formalidad, legalidad / aMéxico : INSTITUTO NACIONAL DE LA JUVENTUD a111 p. a1. Adolescentes - México - Estadísticas 2. Jóvenes- México (Jalisco) - Estadísticas 3. Jóvenes - México (Guadalajara) - EstadísticasÌ